| 000 | 00507nam a22001817a 4500 | ||
|---|---|---|---|
| 003 | NUST | ||
| 005 | 20260210120442.0 | ||
| 008 | 260210b ||||| |||| 00| 0 eng d | ||
| 020 | _a978-0415286084 | ||
| 082 | _a623.893 | ||
| 100 |
_aKennedy, Michael. _938086 |
||
| 245 |
_aThe Global Positioning System and GIS / _bAn Introduction / _cKennedy, Michael. |
||
| 250 | _a2nd Edition | ||
| 260 |
_aCanada: _bTaylor & Francis, _c2002. |
||
| 300 |
_a345 p ; _c22.9 cm |
||
| 563 | _aPaperback | ||
| 942 |
_2ddc _cBK |
||
| 999 |
_c616158 _d616158 |
||